[Event "RUS-chT U20 active"]
[Site "Kolomna"]
[Date "2014.08.11"]
[Round "7"]
[White "Afanasiev, Nikita"]
[Black "Eliseev, Yury"]
[Result "0-1"]
[WhiteElo "2283"]
[BlackElo "2067"]
[PlyCount "106"]
[EventDate "2014.08.11"]
[EventType "swiss"]
[EventRounds "9"]
[EventCountry "RUS"]
[SourceTitle "EXT 2016"]
[Source "ChessBase"]
[SourceDate "2015.10.08"]
[SourceVersion "1"]
[SourceVersionDate "2015.10.08"]
[SourceQuality "1"]

1. c4 e5 2. Nc3 Nf6 3. g3 d5 4. cxd5 Nxd5 5. Bg2 Nb6 6. Nf3 Nc6 7. a3 Be7 8. b4 Be6 9. d3 0-0 10. 0-0 a5 11. b5 Nd4 12. Nxd4 exd4 13. Na4 Bd5 14. Nxb6 cxb6 15. Bxd5 Qxd5 16. e3 Qxb5 17. exd4 Qd7 18. Be3 b5 19. Qf3 b4 20. Rfb1 b5 21. axb4 a4 22. d5 Rac8 23. d6 Bxd6 24. Qd5 Rfd8 25. Rc1 Rxc1+ 26. Rxc1 h6 27. Bc5 Bxc5 28. Qxd7 Rxd7 29. Rxc5 a3 30. Rc8+ Kh7 31. Ra8 Rxd3 32. Kg2 Rb3 33. Ra5 Rxb4 34. Rxa3 Re4 35. Ra7 Kg6 36. Rb7 Re5 37. Rb6+ Kf5 38. Rb7 Ke6 39. Rb6+ Kd7 40. Rb7+ Kc6 41. Rxf7 b4 42. Rxg7 b3 43. Rg6+ Kc5 44. Rg8 Kc4 45. Rc8+ Rc5 46. Re8 b2 47. Re1 Kd3 48. Rb1 Kc2 49. Rxb2+ Kxb2 50. f4 Kc3 51. Kf3 Kd4 52. Kg4 Ke4 53. h4 h5+ 0-1

[Event "RUS-chT U20 active"]
[Site "Kolomna"]
[Date "2014.08.11"]
[Round "4"]
[White "Eliseev, Yury"]
[Black "Korchmar, Vasiliy"]
[Result "1-0"]
[WhiteElo "2067"]
[BlackElo "2352"]
[PlyCount "51"]
[EventDate "2014.08.11"]
[EventType "swiss"]
[EventRounds "9"]
[EventCountry "RUS"]
[SourceTitle "EXT 2016"]
[Source "ChessBase"]
[SourceDate "2015.10.08"]
[SourceVersion "1"]
[SourceVersionDate "2015.10.08"]
[SourceQuality "1"]

1. e4 e5 2. Nf3 Nc6 3. Bb5 a6 4. Ba4 Nf6 5. 0-0 Be7 6. Re1 b5 7. Bb3 d6 8. c3 0-0 9. d4 Bg4 10. Be3 Bh5 11. Nbd2 d5 12. exd5 Nxd5 13. dxe5 Nxe5 14. Bd4 Nc6 15. Qc2 Bg6 16. Ne4 Nxd4 17. cxd4 Bb4 18. Red1 Re8 19. Ne5 Bf5 20. Qe2 f6 21. Nc6 Rxe4 22. Nxd8 Rxe2 23. Bxd5+ Kf8 24. Bxa8 Rxb2 25. Bd5 Bd6 26. Ne6+ 1-0

[Event "RUS-chT U20"]
[Site "Kolomna"]
[Date "2014.08.11"]
[Round "9"]
[White "Eliseev, Yury"]
[Black "Zenzera, Alexey"]
[Result "1/2-1/2"]
[WhiteElo "2067"]
[BlackElo "2441"]
[PlyCount "162"]
[EventDate "2014.08.02"]
[EventType "swiss"]
[EventRounds "9"]
[EventCountry "RUS"]
[SourceTitle "EXT 2016"]
[Source "ChessBase"]
[SourceDate "2015.10.08"]
[SourceVersion "1"]
[SourceVersionDate "2015.10.08"]
[SourceQuality "1"]

1. e4 d5 2. exd5 Qxd5 3. Nc3 Qd8 4. d4 Nf6 5. Bg5 c6 6. Qd3 Bg4 7. Nge2 Nbd7 8. f3 Bh5 9. Nf4 Bg6 10. Qd2 Qa5 11. h4 e5 12. Nxg6 hxg6 13. 0-0-0 0-0-0 14. Bc4 exd4 15. Qxd4 Bc5 16. Qf4 Rhf8 17. Rhe1 Bb6 18. Qh2 Bc7 19. Qh3 Qf5 20. Qxf5 gxf5 21. h5 Bg3 22. Re7 Ne5 23. Ne2 Rxd1+ 24. Kxd1 Ng8 25. Nxg3 Nxe7 26. Bxe7 Re8 27. Nxf5 Nxc4 28. Bg5 g6 29. hxg6 fxg6 30. Nh4 Nxb2+ 31. Kd2 Nc4+ 32. Kc3 Ne3 33. g4 Nd5+ 34. Kd4 Nc7 35. Bf6 Re6 36. g5 Nd5 37. Be5 Ne7 38. Ke4 c5 39. c4 Kd7 40. f4 Nc8 41. Kd5 Nb6+ 42. Kxc5 Rc6+ 43. Kb4 Nxc4 44. Nxg6 Rxg6 45. Kxc4 Ke6 46. Bb8 Kf5 47. a4 Rc6+ 48. Kb4 a6 49. Be5 Rc1 50. Kb3 Rc6 51. Kb4 Ke4 52. Kb3 Kd5 53. Bf6 Rb6+ 54. Ka3 Ke4 55. Be5 a5 56. Bc7 Rc6 57. Be5 Kf5 58. Kb3 Rc5 59. Ka3 Rc4 60. Kb3 Rb4+ 61. Ka3 Rb6 62. Bc7 Rc6 63. Be5 Ke4 64. Kb3 Kd3 65. Bf6 Rb6+ 66. Ka3 Ke4 67. Be5 Kf5 68. Bc7 Rb1 69. Be5 Rb4 70. Bc7 Rc4 71. Be5 Rc6 72. Kb3 Ke4 73. Ka3 Rb6 74. Bc7 Rb1 75. Be5 Rg1 76. Kb3 Kd5 77. Bc7 Rg3+ 78. Kb2 Ke4 79. Be5 Kd5 80. Bc7 Rf3 81. Be5 Rg3 1/2-1/2

[Event "RUS-chT U20 active"]
[Site "Kolomna"]
[Date "2014.08.11"]
[Round "9"]
[White "Khanin, Semen"]
[Black "Eliseev, Yury"]
[Result "0-1"]
[WhiteElo "2317"]
[BlackElo "2067"]
[PlyCount "196"]
[EventDate "2014.08.11"]
[EventType "swiss"]
[EventRounds "9"]
[EventCountry "RUS"]
[SourceTitle "EXT 2016"]
[Source "ChessBase"]
[SourceDate "2015.10.08"]
[SourceVersion "1"]
[SourceVersionDate "2015.10.08"]
[SourceQuality "1"]

1. e4 c5 2. Nf3 d6 3. Bb5+ Bd7 4. Bxd7+ Qxd7 5. 0-0 Nc6 6. d4 cxd4 7. Nxd4 Nf6 8. Re1 g6 9. c4 Bg7 10. Nc3 0-0 11. Nc2 Rfc8 12. Qe2 a6 13. Bd2 Rab8 14. Rac1 b5 15. cxb5 axb5 16. Nd5 e6 17. Ndb4 Ne5 18. Bc3 Qe7 19. Nd4 Qb7 20. b3 Nfd7 21. Red1 Nc5 22. f3 Qb6 23. Kh1 Na6 24. Qd2 Nxb4 25. Bxb4 Rxc1 26. Rxc1 Nc4 27. bxc4 Bxd4 28. cxb5 Be3 29. Qc2 Bxc1 30. Qxc1 Qxb5 31. a3 d5 32. exd5 exd5 33. h3 Re8 34. Qg5 Qd3 35. Qf6 Qf5 36. Qd4 Qe5 37. Qd3 Qa1+ 38. Kh2 Qe5+ 39. Kh1 d4 40. Qc4 Rd8 41. Bd2 Qd5 42. Qb4 Rc8 43. a4 Qc4 44. Qb7 Qc6 45. Qb4 Qc4 46. Qb7 Re8 47. Qd7 Ra8 48. a5 d3 49. Qb7 Qa6 50. Qe7 Rc8 51. Qe5 Qe6 52. Qd4 Qc4 53. Qf6 Qc2 54. Bf4 Qc6 55. Qd4 Qc3 56. Qd6 h5 57. Kh2 Re8 58. a6 Qa5 59. Qxd3 Ra8 60. Bh6 Qxa6 61. Qd4 f6 62. Qd7 Ra7 63. Qe8+ Kh7 64. Be3 Qd6+ 65. f4 Re7 66. Qf8 Qe6 67. Bd2 Rf7 68. Qb8 Rd7 69. Qb4 h4 70. Qc3 Qf5 71. Qe3 Qd3 72. Qxd3 Rxd3 73. Be1 Rd4 74. Bxh4 Rxf4 75. Bg3 Rc4 76. Kg1 g5 77. Bd6 f5 78. Kf2 Kg6 79. g3 Rc3 80. Be5 Rd3 81. Bb8 Kf6 82. Bc7 Ke6 83. Ke2 Rc3 84. Bb8 Kd5 85. h4 gxh4 86. gxh4 Rh3 87. Bf4 Ke4 88. Bg5 f4 89. Kf2 Rh2+ 90. Kg1 Ra2 91. h5 Ra5 92. Bh4 Rxh5 93. Bd8 Rb5 94. Kg2 Ke3 95. Bf6 Ke2 96. Bd4 f3+ 97. Kg3 Rg5+ 98. Kf4 Rg8 0-1

[Event "RUS-chT U20 active"]
[Site "Kolomna"]
[Date "2014.08.11"]
[Round "5"]
[White "Matsenko, Andrei"]
[Black "Eliseev, Yury"]
[Result "0-1"]
[WhiteElo "2294"]
[BlackElo "2067"]
[PlyCount "70"]
[EventDate "2014.08.11"]
[EventType "swiss"]
[EventRounds "9"]
[EventCountry "RUS"]
[SourceTitle "EXT 2016"]
[Source "ChessBase"]
[SourceDate "2015.10.08"]
[SourceVersion "1"]
[SourceVersionDate "2015.10.08"]
[SourceQuality "1"]

1. e4 c5 2. Nf3 d6 3. d4 cxd4 4. Nxd4 Nf6 5. Nc3 Nc6 6. Bg5 e6 7. Qd2 a6 8. 0-0-0 Bd7 9. f4 b5 10. Bxf6 gxf6 11. Kb1 Qb6 12. Nxc6 Bxc6 13. Bd3 0-0-0 14. Qe1 Be7 15. h4 Rhg8 16. Qe2 Rd7 17. Rde1 Kb8 18. g4 Rc8 19. g5 b4 20. Nd1 a5 21. Qh5 d5 22. e5 fxe5 23. fxe5 d4 24. Rhf1 Rdc7 25. Qxh7 b3 26. Rxf7 bxc2+ 27. Bxc2 Ba4 28. b3 Rxc2 29. Qxc2 Rxc2 30. Kxc2 d3+ 31. Kxd3 Bb5+ 32. Ke4 Bb4 33. g6 Bc6+ 34. Kf4 Qd4+ 35. Kg5 Bxe1 0-1

[Event "RUS-ch U14"]
[Site "Dagomys"]
[Date "2009.04.19"]
[Round "5"]
[White "Eliseev, Yury"]
[Black "Terentjev, Vladislav"]
[Result "0-1"]
[WhiteElo "2067"]
[BlackElo "2175"]
[PlyCount "72"]
[EventDate "2009.04.15"]
[EventType "swiss"]
[EventRounds "9"]
[EventCountry "RUS"]
[SourceTitle "CBM 130 Extra"]
[Source "ChessBase"]
[SourceDate "2009.07.02"]
[SourceVersion "2"]
[SourceVersionDate "2009.07.15"]
[SourceQuality "1"]

1. e4 Nf6 2. e5 Nd5 3. d4 d6 4. c4 Nb6 5. f4 dxe5 6. fxe5 Bf5 7. Nc3 e6 8. Nf3 Nc6 9. Be3 Qd7 10. Be2 0-0-0 11. 0-0 Bg4 12. c5 Nd5 13. Nxd5 Qxd5 14. b4 Qe4 15. Qd2 f6 16. Qc3 Bxf3 17. Bxf3 Nxd4 18. Qa3 Nxf3+ 19. Rxf3 a6 20. Re1 Be7 21. Bf2 Qc6 22. Qb3 f5 23. a4 Qd5 24. Qb1 a5 25. Rc3 axb4 26. Qxb4 Qc6 27. Rb1 Rd5 28. Qa5 Rhd8 29. h3 Rd1+ 30. Rxd1 Rxd1+ 31. Kh2 Qd5 32. Rf3 Qxe5+ 33. g3 Qe4 34. Qc3 Bf6 35. Qb3 Ra1 36. a5 Rxa5 0-1

[Event "Moscow Petrosian Memorial U18"]
[Site "Moscow"]
[Date "2009.01.??"]
[Round "1"]
[White "Severina, Maria"]
[Black "Eliseev, Yury"]
[Result "1/2-1/2"]
[WhiteElo "1940"]
[BlackElo "2067"]
[PlyCount "92"]
[EventDate "2009.01.??"]
[EventType "swiss"]
[EventRounds "9"]
[EventCountry "RUS"]
[SourceTitle "EXT 2010"]
[Source "ChessBase"]
[SourceDate "2010.11.25"]
[SourceVersion "1"]
[SourceVersionDate "2010.11.25"]
[SourceQuality "1"]

1. d4 d5 2. c4 dxc4 3. e3 e5 4. Bxc4 exd4 5. exd4 Nf6 6. Nf3 Be7 7. 0-0 0-0 8. Ne5 Nbd7 9. Nc3 Nb6 10. Bb3 Nbd5 11. Qf3 Be6 12. Bg5 Nxc3 13. bxc3 Bxb3 14. axb3 c6 15. Rfe1 h6 16. Bh4 Re8 17. Rad1 Qd5 18. c4 Qxf3 19. Nxf3 g5 20. Bg3 Bb4 21. Rxe8+ Rxe8 22. Ne5 Ne4 23. f3 Nc3 24. Re1 Nb5 25. Rd1 Nxd4 26. Rxd4 Bc5 27. Bf2 Rxe5 28. Rd8+ Kg7 29. Bxc5 Rxc5 30. Rd7 b5 31. Rxa7 bxc4 32. bxc4 Rxc4 33. Kf2 Kf6 34. Rc7 h5 35. h3 h4 36. g4 Rc3 37. Ke2 Ke6 38. Rc8 Ke5 39. Rc7 Kf4 40. Rxf7+ Kg3 41. Rf5 Kxh3 42. Rxg5 Kg2 43. Rh5 h3 44. g5 h2 45. g6 h1Q 46. Rg5+ Kh2 1/2-1/2